Представление документа в формате RUSMARC

ПолеНазваниеЗначение
  Тип записи a
  Библиографический уровень a
001 Контрольный номер RU/УОНБ/EK_KRAY/320882834
005 Дата корректировки 20240214152020.2
100 Данные общей обработки __
a Данные общей обработки 19980108d1998 u | u |u0rusy0103
101 Язык документа 0_
a Язык текста rus
200 Заглавие и сведения об ответственности 1_
a Заглавие П.В. Анненков и "Отцы и дети"
f Первые сведения об ответственности Н.Г. Жекулин
210 Выходные данные 1_
d Дата издания 1998
330 Аннотация __
a Аннотация Роль П.В. Анненкова в творч. истории романа И.С.Тургенева.
461 Уровень набора _0
1 2001
a Русская литература
463 Уровень физической единицы _0
1 2000
a № 1
v С. 3-15
1 210
d 1998
600 Персоналии _1
a Персоналии (Фамилия) Анненков, Павел Васильевич
610 Ключевые слова 0_
a Ключевые слова романы
686 Индексы других классификаций __
a Классификационный индекс 83.3-8
2 Код системы rubbk
700 Автор _1
a Фамилия Жекулин
b Имя (инициалы) Н.Г.
801 Источник записи _0
a Страна RU
b Организация Ульяновская ОНБ
c Дата составления 19980108
g Правила каталогизации PSBO
801 Источник записи _1
a Страна RU
b Организация Ульяновская ОНБ
c Дата составления 19980108
901 Тип документа __
t Тип документа b
909 Создатель записи __
a Создатель записи
938 Служебная информация __
a Имя БД kraeved_work
b Имя библиотеки УОНБ
c Имя АИБС МАРК-SQL
d Номер DOC_ID в БД 26827